000 00599nam a2200205 a 4500
001 12950
003 CO-ViMGA
008 141112s2004 ck r 000 u spa d
020 _a9589206808
040 _aCO-ViMGA
_bspa
_cCO-ViMGA
082 0 4 _a370.98 F111
100 1 _aFabara, Garzón Eduardo
_918861
245 1 0 _aSituación de los sistemas educativos en América Latina :
_bEnsayos pedagogicos
250 _a1
260 _aSantafé de Bogotá :
_bGuadalupe,
_c1996
300 _a140p.
490 _aConvenio Andres Bello
650 1 4 _aeducación EN América LATINA
_918862
942 _2ddc
_cBK
999 _c23849
_d23849